International business : (Record no. 25419)
[ view plain ]
| 000 -LEADER | |
|---|---|
| fixed length control field | 00764nam a2200253 a 4500 |
| 005 - DATE AND TIME OF LATEST TRANSACTION | |
| control field | 20140310183622.0 |
| 008 - FIXED-LENGTH DATA ELEMENTS--GENERAL INFORMATION | |
| fixed length control field | 130408s19uu xx 00 eng d |
| 020 ## - INTERNATIONAL STANDARD BOOK NUMBER | |
| International Standard Book Number | 9780070171503 |
| 050 ## - LIBRARY OF CONGRESS CALL NUMBER | |
| Classification number | HD 62.4 |
| Item number | .B187 2010 |
| 100 ## - MAIN ENTRY--PERSONAL NAME | |
| Personal name | Ball, Donald A. |
| 245 ## - TITLE STATEMENT | |
| Title | International business : |
| Remainder of title | the challenge of global competition / |
| Statement of responsibility, etc | Donald A. Ball... [et al.]. |
| 250 ## - EDITION STATEMENT | |
| Edition statement | 12th ed. |
| 260 ## - PUBLICATION, DISTRIBUTION, ETC. (IMPRINT) | |
| Place of publication, distribution, etc | Boston, MA : |
| Name of publisher, distributor, etc | McGraw-Hill Irwin, |
| Date of publication, distribution, etc | 2010. |
| 300 ## - PHYSICAL DESCRIPTION | |
| Extent | 682 p. : |
| Other physical details | ill. col. ; |
| Dimensions | 23 cm. |
| 500 ## - GENERAL NOTE | |
| General note | Includes index |
| 521 ## - TARGET AUDIENCE NOTE | |
| Target audience note | |
| 650 ## - SUBJECT ADDED ENTRY--TOPICAL TERM | |
| Topical term or geographic name as entry element | International business |
| 700 ## - ADDED ENTRY--PERSONAL NAME | |
| Personal name | McCulloch, Wendell H., Jr. |
| 700 ## - ADDED ENTRY--PERSONAL NAME | |
| Personal name | Geringer, Michael J. |
| 700 ## - ADDED ENTRY--PERSONAL NAME | |
| Personal name | Minor, Michael S. |
| 700 ## - ADDED ENTRY--PERSONAL NAME | |
| Personal name | McNettt, Jeanne M. |
| 942 ## - ADDED ENTRY ELEMENTS (KOHA) | |
| Koha item type | Books |
| Source of classification or shelving scheme | Library of Congress Classification |
| Call number prefix | Foreign |
| Withdrawn status | Lost status | Source of classification or shelving scheme | Damaged status | Home library | Current library | Shelving location | Date acquired | Source of acquisition | Total Checkouts | Total Renewals | Full call number | Barcode | Date last seen | Date checked out | Copy number | Price effective from | Koha item type | Sub Shelving location |
|---|---|---|---|---|---|---|---|---|---|---|---|---|---|---|---|---|---|---|
| Library of Congress Classification | College Library | College Library | Graduate Section | 03/26/2013 | Donation | 2 | 4 | HD 62.4 .B187 2010 | C15485 | 07/03/2024 | 02/15/2024 | 1 | 03/10/2014 | Books | ||||
| Library of Congress Classification | Southville International School Affiliated with Foreign Universities Library | Southville International School Affiliated with Foreign Universities Library | Southville Foreign University Section | 01/31/2020 | Donation | HD 62.4 .B187 2010 | SFU1720 | 01/31/2020 | 01/31/2020 | Books |